01596cam a2200301 i 45000010009000000050017000090080041000260200018000670350024000850350021001090400080001300410008002100500025002181000038002432450105002812460022003862600042004083000046004505040041004965200521005376500029010586500026010876500030011137000032011439420008011759520096011839990015012791255443320251002155642.0201023s2021 nyu e 000 0 eng d a9781982154813 a(OCoLC)on1201300867 a(CaBVaU)12554433 aYDXbengcYDXerdadBDXdUKMGBdOCLCOdOCLCFdJBZdVVWdBKLdOCLCOdUtOrBLW aeng 4aHD30.28b.B4585 2021 aBet-David, Patrickeauthor92598110aYour next five movesb: master the art of business strategyc/ Patrick Bet-David ; with Greg Dinkin.3 aYour next 5 moves aNew York, NY :bGallery Books,c2021. axxii, 293 pages :billustrations ;c22 cm aIncludes bibliographical references. aBoth successful entrepreneurs and chess grandmasters have the vision to look at the pieces in front of them and anticipate their next five moves. In this book, Patrick Bet-David "helps entrepreneurs understand exactly what they need to do next" (Brian Tracy, author of Eat That Frog!) by translating this skill into a valuable methodology. Whether you feel like you've hit a wall, lost your fire, or are looking for innovative strategies to take your business to the next level, Your Next Five Moves has the answers. 0aStrategic planning93573 0aEntrepreneurship9570 0aSuccess in business91506 aDinkin, Greg925982eauthor 2lcc 00102lcc4070aTBSbTBSd2025-10-02l0oHD30.28 BETpB07645r2025-10-02t1w2025-10-02y1 c4998d4998